banner koha

Ocorrencia de ergotismo em bovinos no estado de Sao Paulo [Intoxicacao animal; Fungo; Brasil] (Registro n. 103749)

MARC details
000 -LÍDER
campo de controle de tamanho fixo 01130nas a2200337 4500
001 - NÚMERO DE CONTROLE
campo de controle BR8001321
003 - IDENTIFICADOR DO NÚMERO DE CONTROLE
campo de controle BR-BrBNA
005 - DATA E HORÁRIO DA ÚLTIMA TRANSAÇÃO
campo de controle 20231205084212.0
007 - CAMPO FIXO DE DESCRIÇÃO FÍSICA--INFORMAÇÃO GERAL
campo de controle de tamanho fixo ta
008 - CAMPO DE DADOS FIXOS--INFORMAÇÃO GERAL
campo de controle de tamanho fixo 230509b bl.|||p| |||| 00| 00por d
040 ## - FONTE DA CATALOGAÇÃO
Instituição da catalogação original BR-BrBNA
Idioma da catalogação por
Instituição que transcreveu o registro Biblioteca Nacional de Agricultura
041 ## - CÓDIGO DE IDIOMA
Código do idioma do texto/trilha sonora ou título diferente (Pt)
072 ## - CÓDIGO DE CATEGORIA DE ASSUNTO
Código de Categoria de Assunto L74
100 1# - ENTRADA PRINCIPAL--NOME PESSOAL
Nome pessoal Portugal, M.A.S.C.
100 1# - ENTRADA PRINCIPAL--NOME PESSOAL
Nome pessoal Domingues, R.V.
100 1# - ENTRADA PRINCIPAL--NOME PESSOAL
Nome pessoal Saliba, A.M.
100 1# - ENTRADA PRINCIPAL--NOME PESSOAL
Nome pessoal Baldassi, L.
100 1# - ENTRADA PRINCIPAL--NOME PESSOAL
Nome pessoal Malavolta, V.M.A.
111 1# - ENTRADA PRINCIPAL--NOME DO EVENTO
Nome do evento ou lugar 15. Congresso Brasileiro de Medicina Veterinaria
Local do evento Rio de Janeiro, RJ (Brazil)
Data do evento ou assinatura do tratado 1976
245 1# - TÍTULO
Título Ocorrencia de ergotismo em bovinos no estado de Sao Paulo [Intoxicacao animal; Fungo; Brasil]
246 1# - FORMA VARIANTE DO TÍTULO
Título/título abreviado Occurrence of ergotism in cattle in the state of Sao Paulo [Animal intoxication; Fungus; Brazil]
650 ## - ASSUNTO--TERMO TÓPICO
Cabeçalho tópico ou nome geográfico Disturbio animal
650 ## - ASSUNTO--TERMO TÓPICO
Cabeçalho tópico ou nome geográfico Bovino
650 ## - ASSUNTO--TERMO TÓPICO
Cabeçalho tópico ou nome geográfico Intoxicacao animal
650 ## - ASSUNTO--TERMO TÓPICO
Cabeçalho tópico ou nome geográfico Fungo
650 ## - ASSUNTO--TERMO TÓPICO
Cabeçalho tópico ou nome geográfico Intoxicacao animal
650 ## - ASSUNTO--TERMO TÓPICO
Cabeçalho tópico ou nome geográfico Sao Paulo
773 0# - ENTRADA ANALÍTICA
Título Biologico (Brazil)
ISSN - International Standard Serial Number ISSN 0366-0567
Partes relacionadas (Jul 1979), v. 45(7-8) p. 123-130
Número de controle do registro BR8001321
909 ## -
-- 202311
-- Lúcia
-- 55
-- Lúcia Elande
942 ## - ELEMENTOS DE ENTRADA ADICIONADOS (KOHA)
Fonte da classificação ou esquema de arquivamento na estante Classificação AGRIS
Ocultar no OPAC Não
Tipo de material Koha Analítica
Exemplares
Situação do descarte Fonte da classificação ou esquema de arquivamento na estante Situação física Não pode ser emprestado Biblioteca de origem Biblioteca atual Localização na estante Enumeração do periódico / cronologia Total de empréstimos Data de último acesso Número do exemplar Tipo de material Koha Fonte de aquisição
  Classificação AGRIS   Consulta local Biblioteca Nacional de Agricultura - Binagri Biblioteca Nacional de Agricultura - Binagri   (Jul 1979), v. 45(7-8) p. 123-130   29/11/2023 01 Periódicos Portaria Interministerial nº 164/94

BINAGRI

Telefone: (61)3218-2567/2388/3357/2097 - binagri@agro.gov.br

Ministério da Agricultura e Pecuária , Esplanada dos Ministérios, Bloco D, Anexo B, Brasília/DF, CEP: 70.043-900